Smash bros ultimate top 100 joueurs - Statistiques

Statistiques générales
  • Ce quiz a été pris 314 fois
  • Le résultat moyen est 29 sur 100
Statistiques - réponses
Pays Joueurs % Correct
1 Mexique Mkleo
97%
9 France Glutonny
96%
2 Japon Acola
85%
8 USA Tweek
84%
4 USA Light
81%
52 Pays-Bas Mr. R
80%
14 République dominicaine Sonix
76%
3 Mexique Sparg0
70%
33 Canada Big D
69%
11 Canada Riddles
67%
21 Espagne Sisqui
66%
85 France Leon
65%
73 France Raflow
65%
6 Japon Tea
65%
23 Royaume-Uni Bloom4eva
60%
20 Japon Miya
58%
16 Mexique Maister
57%
5 Japon Shuton
57%
13 USA Dabuz
53%
12 USA Kola
52%
18 USA Zomba
52%
56 Allemagne Tarik
50%
57 Mexique Skyjay
48%
15 Japon Yoshidora
48%
24 USA Kurama
47%
86 France Oryon
46%
28 Japon Zackray
45%
17 Japon KEN
42%
10 USA Onin
41%
39 USA Marss
40%
31 USA MuteAce
38%
7 Japon ProtoBanham
38%
64 Allemagne quiK
36%
27 USA Cosmos
35%
89 Guatemala ShinyMark
35%
41 Mexique Chag
34%
26 Japon Gackt
34%
53 Mexique Bigboss
33%
76 Canada Luugi
33%
46 Canada Ouch!?
33%
82 USA ESAM
31%
25 Japon Asimo
30%
19 Japon Kameme
30%
37 USA Fatality
26%
34 USA Lui$
26%
32 USA ApolloKage
25%
62 USA Lima
23%
38 Japon Hikaru
22%
70 Pays-Bas Space
22%
22 Japon Hero
21%
30 USA Jakal
20%
45 USA Tilde
20%
51 USA BassMage
19%
48 USA Aaron
18%
36 USA Jake
17%
100 Australie Jdizzle
17%
29 USA Anathema
16%
72 Japon Atelier
16%
55 USA Goblin
16%
47 Japon Paseriman
16%
68 USA SHADIC
16%
95 Japon Umeki
15%
87 USA DDee
14%
81 USA Myran
14%
67 USA Syrup
14%
40 Japon Yaura
14%
44 Japon Abadango
13%
88 USA ChunkyKong
13%
60 USA MVD
13%
78 USA Peabnut
12%
42 USA Scend
11%
83 Japon Jogibu
10%
43 Japon Kome
10%
77 USA Dark Wizzy
9%
79 USA WaDi
9%
84 Mexique WaKa
9%
80 Japon Akakikusu
8%
98 USA DDog
8%
35 USA Ned
8%
50 Japon Nietono
8%
75 Mexique AlanDiss
7%
49 Japon Masa
6%
92 USA Mugen
6%
59 Japon Sigma
6%
69 USA yonni
6%
54 Japon Repo
4%
63 Japon DIO
3%
61 Japon Rizeasu
3%
93 USA Zinoto
3%
91 USA IcyMist
2%
58 Japon Shirayuki
2%
96 Japon Taikei
2%
99 USA ATATA
1%
65 Japon Huto
1%
66 USA Jaredisking1
1%
71 USA Ling
1%
94 Japon Munekin
1%
74 Japon Noi
1%
97 Japon Toura
1%
90 Japon Yamanaction
1%
Aucun quiz correspondant
Distribution des résultats
% des personnes avec chaque résultat
Percentile par nombre de réponses
Votre historique - résultats
Vous n’avez pas pris ce quiz